书目信息 |
| 题名: |
柴科夫斯基艺术歌曲精选
|
|
| 作者: | 柴可夫斯基 作曲 ;徐宜 选辑译配 | |
| 分册: | ||
| 出版信息: | 上海 上海音乐出版社 2004 |
|
| 页数: | 215页 | |
| 开本: | 30cm | |
| 丛书名: | 欧洲著名艺术歌曲精选曲库 | |
| 单 册: | ||
| 中图分类: | J652.5(512) | |
| 科图分类: | ||
| 主题词: | 艺术歌曲--俄罗斯--近代--选集 , 艺术歌曲 | |
| 电子资源: | ||
| ISBN: | 7-80667-422-5 | |
| 000 | 01148ocm2 2200289 450 | |
| 001 | 002645559 | |
| 005 | 20100325104553.59 | |
| 010 | @a7-80667-422-5@dCNY38.00 | |
| 100 | @a20040521d2004 em y0chiy0110 ea | |
| 101 | 1 | @achi@crus |
| 102 | @aCN@b310000 | |
| 105 | @ag z 000yy | |
| 106 | @ar | |
| 200 | 1 | @a柴科夫斯基艺术歌曲精选@9chai ke fu si ji yi shu ge qu jing xuan@f[(俄)彼得·伊利奇·柴科夫斯基(пeтр ильич чАйковский)作曲]@g徐宜选辑译配 |
| 210 | @a上海@c上海音乐出版社@d2004 | |
| 215 | @a215页@d30cm | |
| 225 | 2 | @a欧洲著名艺术歌曲精选曲库 |
| 330 | @a本书选收了柴科夫斯基的艺术歌曲,共43首。即《别信,挚友》、《朋友,请别开口》、《泪光闪闪》、《为何》、《摇篮曲》等。 | |
| 461 | 0 | @12001 @a欧洲著名艺术歌曲精选曲库 |
| 510 | 1 | @aSelected Collection of Chaikovsky's Artistic Songs@zeng |
| 606 | 0 | @a艺术歌曲@y俄罗斯@z近代@j选集 |
| 606 | 0 | @a艺术歌曲 |
| 690 | @aJ652.5(512)@v4 | |
| 701 | 0 | @c(俄)@a柴可夫斯基@9chai ke fu si ji@c(Чайковский, Пётр Ильич@f1840~1893)@4作曲 |
| 702 | 0 | @a徐宜@9xu yi@c(音乐)@4选辑译配 |
| 801 | 0 | @aCN@bNLC@c20100325 |
| 905 | @b799392-96@dJ652.5(512)@e522@f5 | |
| 柴科夫斯基艺术歌曲精选/[(俄)彼得·伊利奇·柴科夫斯基(пeтр ильич чАйковский)作曲]/徐宜选辑译配.-上海:上海音乐出版社,2004 |
| 215页;30cm.-(欧洲著名艺术歌曲精选曲库) |
| ISBN 7-80667-422-5:CNY38.00 |
| 本书选收了柴科夫斯基的艺术歌曲,共43首。即《别信,挚友》、《朋友,请别开口》、《泪光闪闪》、《为何》、《摇篮曲》等。 |
| ● |
| 相关链接 |
|
|
|
|
正题名:柴科夫斯基艺术歌曲精选
索取号:J652.5(512)/522
 
预约/预借
| 序号 | 登录号 | 条形码 | 馆藏地/架位号 | 状态 | 备注 |
| 1 | 799392 | 207993929 | 第一样本阅览室/ [索取号:J652.5(512)/522] | 在馆 | |
| 2 | 799393 | 207993938 | 第一借阅区/ [索取号:J652.5(512)/522] | 在馆 | |
| 3 | 799394 | 207993947 | 第一借阅区/ [索取号:J652.5(512)/522] | 在馆 | |
| 4 | 799395 | 207993956 | 第一借阅区/ [索取号:J652.5(512)/522] | 在馆 | |
| 5 | 799396 | 207993965 | 第一借阅区/ [索取号:J652.5(512)/522] | 在馆 |